Statistics for Ohio State Football 2021-2022 Starting Lineup

Click here to take the quiz!

General Stats

  • This quiz has been taken 161 times
    (151 since last reset)
  • The average score is 11 of 27

Answer Stats

PositionStarter% Correct
QBC.J. Stroud
99%
RBTreVeyon Henderson
87%
WR2Chris Olave
85%
PRGarrett Wilson
85%
WR1Garrett Wilson
85%
WR3Jaxon Smith-Njigba
73%
DEZach Harrison
66%
DETyreke Smith
62%
RGParis Johnson Jr.
58%
TEJeremy Ruckert
56%
RTDawand Jones
50%
CB1Denzel Burke
48%
KNoah Ruggles
38%
CB2Cameron Brown
28%
DTHaskell Garrett
28%
CLuke Wypler
27%
KREmeka Egbuka
25%
LGThayer Munford
23%
OLBRonnie Hickman
19%
PJesse Mirco
17%
LTNicholas Petit-Frere
16%
FSBryson Shaw
15%
MLBCody Simon
14%
NTJerron Cage
9%
CSMarcus Williamson
6%
OLBTeradja Mitchell
6%
LSBradley Robinson
5%

Score Distribution

Percentile by Number Answered

Percent of People with Each Score

Your Score History

You have not taken this quiz since the last reset